00465 a2200169 450000100060000002000150000604000220002110000340004324000230007724500180010030000070011836200090012565000230013494200070015795201140016499900170027862084 a8570564341 cAnchieta - Pituba aSilva, Antônio de Pádua e10aSelva e Chuvalpor10aSelva e Chuva a900 a1992 4aLiteratura juvenil cBK 00104070a91.1b91.1d2023-11-21l0oLJ 028.5 S586s SIL SELp14531/PITr2023-11-21 18:30:24w2023-11-21yBK c62084d62084